000 00211nam a22000737a 4500
999 _c23953
_d23953
003 Nust
005 20170622111027.0
008 140428b xxu||||| |||| 00| 0 eng d
020 _cAvailable
_a0130891614
040 _aDLC
_bDLC
_cRCMS
050 _a 621.395 CIL
082 _21st,ed.
_a621.395 CIL
100 _aMichael D. Ciletti
_93067
245 _aAdvanced Digital Design with the VERILOG HDL
_cMichael D. Ciletti
300 _axxi, 982 p. :
_bill. ;
_c26 cm.
538 _iShelf # 09, Row # 2, History & Digital Design.
650 _a1.Digital electronics 2. Logic circuits...Computer aided design 3. Verilog (Computer hardware description language
_93068
856 _3Table of contents only
_uhttp://www.loc.gov/catdir/toc/ecip0716/2007017469.html
942 _2ddc
_cBK
_h621.395 CIL